[Event "Znojmo op"]
[Site "Znojmo"]
[Date "2006.05.15"]
[Round "2.14"]
[White "Potyavin, Igor"]
[Black "Dvorak, Libor"]
[Result "0-1"]
[WhiteElo "2048"]
[BlackElo "2086"]
[PlyCount "70"]
[EventDate "2006.05.14"]
[EventType "swiss"]
[EventRounds "9"]
[EventCountry "CZE"]
[SourceTitle "CBM 112 Extra"]
[Source "ChessBase"]
[SourceDate "2006.07.14"]
[SourceVersion "1"]
[SourceVersionDate "2006.07.14"]
[SourceQuality "1"]

1. d4 Nf6 2. c4 c5 3. d5 b5 4. cxb5 a6 5. b6 e6 6. Nc3 Bb7 7. e4 exd5 8. exd5 d6 9. a4 a5 10. Bb5+ Nbd7 11. Nge2 Be7 12. Nf4 0-0 13. h4 Nxb6 14. Ra3 Ra7 15. Be2 Re8 16. 0-0 Nfd7 17. Nb5 Ra8 18. Re3 Ne5 19. g3 h6 20. Nc3 Nbc4 21. Re4 Ba6 22. b3 Nb6 23. Bxa6 Rxa6 24. Nd3 Nbd7 25. f4 f5 26. Rxe5 dxe5 27. fxe5 Rg6 28. Qh5 Rxg3+ 29. Kh2 Rxd3 30. Bxh6 Rd4 31. Bf4 Nxe5 32. Qxf5 Bd6 33. Nb5 Qxh4+ 34. Kg2 Ng4 35. Rg1 Bxf4 0-1

[Event "CZE-chT2d 0405"]
[Site "Czech Republic"]
[Date "2005.??.??"]
[Round "8"]
[White "Dvorak, Libor"]
[Black "Skacelik, Petr"]
[Result "1-0"]
[WhiteElo "2020"]
[BlackElo "2250"]
[PlyCount "127"]
[EventDate "2004.10.??"]
[EventType "team"]
[EventRounds "11"]
[EventCountry "CZE"]
[SourceTitle "EXT 2007"]
[Source "ChessBase"]
[SourceDate "2006.11.23"]
[SourceVersion "1"]
[SourceVersionDate "2006.11.23"]
[SourceQuality "1"]

1. Nf3 Nf6 2. g3 g6 3. Bg2 Bg7 4. c4 0-0 5. 0-0 d6 6. Nc3 c5 7. d4 Nc6 8. dxc5 dxc5 9. Bf4 Be6 10. Ne5 Na5 11. Qc2 Nh5 12. Rfd1 Qc8 13. Nd5 Bxd5 14. cxd5 Nxf4 15. gxf4 Rb8 16. Rac1 Bxe5 17. fxe5 b6 18. Qe4 Nb7 19. Rc3 Kg7 20. Qh4 Qd8 21. Rh3 h5 22. f4 Qc7 23. Be4 c4 24. Qg5 Rh8 25. d6 exd6 26. Qf6+ Kg8 27. exd6 Qd8 28. Qe7 Qxe7 29. dxe7 Kg7 30. Bc6 Nc5 31. Re3 Ne6 32. e8Q Rhxe8 33. Bxe8 Rxe8 34. Re4 Rc8 35. Kf2 b5 36. a3 Rc5 37. Ke3 c3 38. b4 Rc6 39. Rc1 a6 40. h3 Kf6 41. Rc2 Rc7 42. h4 Rc6 43. Kf3 Rc7 44. e3 Ke7 45. Re5 Kd6 46. Ke4 Rc4+ 47. Kd3 f6 48. Re4 Rc8 49. Rxc3 Rd8 50. Ke2 Ra8 51. Rc6+ Kxc6 52. Rxe6+ Kd5 53. Rxf6 Kc4 54. Rd6 Kb3 55. Rd3+ Kc2 56. e4 a5 57. bxa5 Rxa5 58. e5 Ra7 59. Ke3 Kb2 60. Ke4 Ra4+ 61. Kd5 Rxf4 62. e6 Rf8 63. e7 Re8 64. Ke6 1-0

[Event "CZE-chT2d 0304"]
[Site "Czech Republic"]
[Date "2004.??.??"]
[Round "?"]
[White "Dvorak, Libor"]
[Black "Kisa, Lubomir"]
[Result "1/2-1/2"]
[WhiteElo "2050"]
[BlackElo "2105"]
[PlyCount "117"]
[EventDate "2003.??.??"]
[EventType "team"]
[EventRounds "11"]
[EventCountry "CZE"]
[SourceTitle "EXT 2007"]
[Source "ChessBase"]
[SourceDate "2006.11.23"]
[SourceVersion "1"]
[SourceVersionDate "2006.11.23"]
[SourceQuality "1"]

1. Nf3 Nf6 2. c4 c5 3. Nc3 b6 4. g3 Bb7 5. Bg2 g6 6. b3 Bg7 7. Bb2 0-0 8. 0-0 d6 9. e3 Nbd7 10. d4 a6 11. Qd3 Rb8 12. a4 cxd4 13. exd4 Qc7 14. Rfe1 Rfe8 15. d5 Nc5 16. Qc2 e5 17. dxe6 fxe6 18. Ng5 Bxg2 19. Kxg2 h6 20. Nce4 Nfxe4 21. Nxe4 e5 22. Rad1 Nxe4 23. Qxe4 Re6 24. Rd5 Qf7 25. Red1 Bf8 26. Ba3 Rf6 27. f3 Qc7 28. Qd3 b5 29. cxb5 axb5 30. Bxd6 Bxd6 31. Rxd6 Rxd6 32. Qxd6 Qxd6 33. Rxd6 bxa4 34. bxa4 Rb2+ 35. Kh3 Kf7 36. a5 Ra2 37. a6 Ra3 38. Kg4 Ra4+ 39. Kh3 Ra3 40. Kg4 Ra4+ 41. f4 exf4 42. gxf4 Kg7 43. h4 h5+ 44. Kf3 Kf7 45. Ke3 Kg7 46. Kd3 Rxf4 47. Rd4 Rf3+ 48. Kc4 g5 49. hxg5 Kg6 50. Rd3 Rf4+ 51. Rd4 Rf3 52. Rd5 h4 53. Ra5 Rf8 54. Rd5 h3 55. Kb5 Rf1 56. Rd2 Kxg5 57. Ra2 Kg4 58. a7 Rf8 59. a8Q 1/2-1/2

[Event "CZE-chT2d 0304"]
[Site "Czech Republic"]
[Date "2004.??.??"]
[Round "?"]
[White "Dvorak, Libor"]
[Black "Zavadil, Michal"]
[Result "0-1"]
[WhiteElo "2062"]
[BlackElo "2157"]
[PlyCount "67"]
[EventDate "2003.??.??"]
[EventType "team"]
[EventRounds "11"]
[EventCountry "CZE"]
[SourceTitle "EXT 2007"]
[Source "ChessBase"]
[SourceDate "2006.11.23"]
[SourceVersion "1"]
[SourceVersionDate "2006.11.23"]
[SourceQuality "1"]

1. Nf3 d5 2. g3 c5 3. c4 e6 4. Bg2 Nc6 5. 0-0 Nf6 6. cxd5 exd5 7. d4 Be7 8. Nc3 0-0 9. Bg5 cxd4 10. Nxd4 h6 11. Be3 Bg4 12. Nxc6 bxc6 13. Na4 Re8 14. Re1 Bb4 15. Bd2 Qa5 16. Bxb4 Qxb4 17. Qc2 Bxe2 18. a3 Qc4 19. Nc3 Bd3 20. Qd2 Ne4 21. Nxe4 dxe4 22. Rac1 Qb5 23. b4 Re5 24. Qc3 Rc8 25. Qd4 f5 26. Qxa7 c5 27. bxc5 Rexc5 28. Rxc5 Rxc5 29. Bf1 Rc3 30. Bxd3 Qxd3 31. Qb8+ Kh7 32. Qf8 Qf3 33. Qb4 Rxa3 34. Re3 0-1

[Event "CZE-chT2d 0304"]
[Site "Czech Republic"]
[Date "2004.??.??"]
[Round "?"]
[White "Markovic, Ivan1111"]
[Black "Dvorak, Libor"]
[Result "1-0"]
[WhiteElo "2234"]
[BlackElo "2062"]
[PlyCount "59"]
[EventDate "2003.??.??"]
[EventType "team"]
[EventRounds "11"]
[EventCountry "CZE"]
[SourceTitle "EXT 2007"]
[Source "ChessBase"]
[SourceDate "2006.11.23"]
[SourceVersion "1"]
[SourceVersionDate "2006.11.23"]
[SourceQuality "1"]

1. e4 c5 2. Nf3 d6 3. d4 cxd4 4. Nxd4 Nf6 5. Nc3 g6 6. Bc4 Bg7 7. 0-0 Nc6 8. Re1 0-0 9. Bb3 Na5 10. h3 a6 11. Bg5 h6 12. Bh4 Qb6 13. Nde2 Nxb3 14. axb3 g5 15. Bg3 Bd7 16. Nc1 Rfe8 17. Nd3 Bc6 18. e5 dxe5 19. Nxe5 Rad8 20. Qe2 Nd5 21. Na4 Bxa4 22. Rxa4 f5 23. Nc4 Qg6 24. Ne5 Qb6 25. Bh2 f4 26. g3 Kh8 27. Nf7+ Kg8 28. Nxd8 Qxd8 29. Qe6+ Kh8 30. Rd1 1-0